Statystyki dla Oscar - Pierwszoplanowa rola kobieca

Kliknij tutaj aby rozwiązać quiz!

Ogólne statystyki

  • Ten quiz został rozwiązany 103 razy
  • Średni wynik to 37 z 94

Statystyki odpowiedzi

RokOdpowiedźFilm% Poprawnych
2011Meryl StreepŻelazna dama
96%
1982Meryl StreepWybór Zofii
96%
2016Emma StoneLa La Land
95%
2000Julia RobertsErin Brockovich
91%
2010Natalie PortmanCzarny łabędź
91%
2008Kate WinsletLektor
86%
2009Sandra BullockWielki Mike
86%
2012Jennifer LawrencePoradnik pozytywnego myślenia
82%
1988Jodie FosterOskarżeni
82%
1991Jodie FosterMilczenie owiec
82%
2006Helen MirrenKrólowa
75%
2014Julianne MooreMotyl Still Alice
75%
2004Hilary SwankZa wszelką cenę
73%
1999Hilary SwankNie czas na łzy
73%
2003Charlize TheronMonster
71%
1953Audrey HepburnRzymskie wakacje
68%
2013Cate BlanchettBlue Jasmine
68%
2002Nicole KidmanGodziny
68%
1967Katharine HepburnZgadnij kto dziś przyjdzie na obiad
66%
1968 (remis)Katharine HepburnLew w zimie
66%
1932/1933Katharine HepburnPoranna chwała
66%
1981Katharine HepburnNad złotym stawem
66%
1972Liza MinnelliKabaret
64%
1996Frances McDormandFargo
63%
2020/2021Frances McDormandNomadland
63%
2017Frances McDormandTrzy billboardy za Ebbing, Missouri
63%
2005Reese WitherspoonSpacer na linie
61%
1971Jane FondaKlute
59%
1978Jane FondaPowrót do domu
59%
2019Renée ZellwegerJudy
59%
1977Diane KeatonAnnie Hall
55%
1998Gwyneth PaltrowZakochany Szekspir
55%
2001Halle BerryCzekając na wyrok
54%
2018Olivia ColmanFaworyta
54%
2007Marion CotillardNiczego nie żałuję
52%
1969Maggie SmithPełnia życia panny Brodie
48%
2015Brie LarsonPokój
45%
1966Elizabeth TaylorKto się boi Virginii Woolf?
45%
1960Elizabeth TaylorButterfield 8
45%
1997Helen HuntLepiej być nie może
45%
1951Vivien LeighTramwaj zwany pożądaniem
45%
1939Vivien LeighPrzeminęło z wiatrem
45%
1987CherWpływ księżyca
43%
1990Kathy BatesMisery
43%
1938Bette DavisJezebel
41%
1935Bette DavisKusicielka
41%
1994Jessica LangeBłękit nieba
38%
1956Ingrid BergmanAnastazja
32%
1944Ingrid BergmanGasnący płomień
32%
1992Emma ThompsonPowrót do Howards End
30%
1961Sophia LorenMatka i córka
30%
1995Susan SarandonPrzed egzekucją
30%
1968 (remis)Barbra StreisandZabawna dziewczyna
29%
1984Sally FieldMiejsca w sercu
29%
1979Sally FieldNorma Rae
29%
1993Holly HunterFortepian
27%
1983Shirley MacLaineCzułe słówka
25%
1954Grace KellyDziewczyna z prowincji
23%
1964Julie AndrewsMary Poppins
23%
1974Ellen BurstynAlicja już tu nie mieszka
18%
1946Olivia de HavillandNajtrwalsza miłość
18%
1949Olivia de HavillandDziedziczka
18%
1940Ginger RogersKitty Foyle
16%
1975Louise FletcherLot nad kukułczym gniazdem
16%
1980Sissy SpacekCórka górnika
16%
1976Faye DunawaySieć
14%
1985Geraldine PagePodróż do Bountiful
14%
1973Glenda JacksonMiłość w godzinach nadliczbowych
14%
1970Glenda JacksonZakochane kobiety
14%
1962Anne BancroftCudotwórczyni
13%
1989Jessica TandyWożąc panią Daisy
13%
1945Joan CrawfordMildred Pierce
13%
1986Marlee MatlinDzieci gorszego Boga
13%
1959Simone SignoretMiejsce na górze
13%
1955Anna MagnaniTatuowana róża
11%
1934Claudette ColbertIch noce
11%
1941Joan FontainePodejrzenie
11%
1965Julie ChristieDarling
11%
1947Loretta YoungCórka farmera
11%
1936Luise RainerKról kobiet
11%
1937Luise RainerZiemia błogosławiona
11%
1931/1932Helen HayesGrzech Madelon Claudet
9%
1927/1928Janet GaynorSiódme niebo / Anioł ulicy / Wschód słońca
9%
1943Jennifer JonesPieśń o Bernadette
9%
1957Joanne WoodwardTrzy oblicza Ewy
9%
1963Patricia NealHud, syn farmera
9%
1952Shirley BoothWróć, mała Szebo
9%
1928/1929Mary PickfordKokietka
7%
1929/1930Norma SchearerRozwódka
7%
1942Greer GarsonPani Miniver
5%
1930/1931Marie DresslerMin i Bill
5%
1958Susan HaywardChcę żyć!
5%
1948Jane WymanJohnny Belinda
4%
1950Judy HollidayUrodzeni wczoraj
4%

Rozkład punktacji

Percentyl według liczby udzielonych odpowiedzi

Procent ludzi z każdym wynikiem

Twoja historia wyników

Nie rozwiązałeś tego quizu